000 01071pam a2200325 a 4500
001 4904927
003 OSt
005 20210417104812.0
008 940209s1994 inub b 001 0 eng
010 _a 94006592
020 _a0253355796
020 _a0253209153 (pbk.)
040 _aDLC
_cDLC
_dDLC
050 0 0 _aDK675.4
_b.S86 1994
080 _a94(479.22)
_bS-92
082 0 0 _a947/.95
_220
100 1 _aSuny, Ronald Grigor.
245 1 4 _aThe making of the Georgian nation /
_cRonald Grigor Suny.
250 _a2nd ed.
260 _aBloomington :
_bIndiana University Press,
_cc1994.
300 _axviii, 418 p. :
_bmaps ;
_c24 cm.
365 _b53 usd
504 _aIncludes bibliographical references and index.
651 0 _aGeorgia (Republic)
_xHistory.
653 _aსაქართველოს ისტორია
653 _aისტორია
906 _a7
_bcbc
_corignew
_d1
_eocip
_f19
_gy-gencatlg
942 _2udc
_cBK
_e2
999 _c179
_d179